000 00391nam a22001697a 4500
005 20180305130309.0
008 160614b xxu||||| |||| 00| 0 eng d
020 _a0-415-22455-1
041 _aeng
082 _b7541
_a332.12
100 _aWang, Pejie
_91916
245 _aFinancial Econometries
260 _bRout ledge
_c2003
300 _a171
650 _aManagement
_9241
942 _cBK
999 _c2695
_d2694